PGE Ekstraliga - Najlepsi zawodnicy w roku 2007-2024 - Statystyki

Ogólne statystyki
  • Ten quiz został rozwiązany 33 razy
  • Średni wynik to 15 z 18
Statystyki odpowiedzi
Rok Średnia bieg. Kraj Zawodnik % Poprawnych
2023 2.526 POLSKA Bartosz Zmarzlik
100%
2022 2.679 POLSKA Bartosz Zmarzlik
100%
2021 2.649 POLSKA Bartosz Zmarzlik
100%
2018 2.574 POLSKA Bartosz Zmarzlik
100%
2017 2.376 POLSKA Bartosz Zmarzlik
100%
2016 2.477 POLSKA Bartosz Zmarzlik
100%
2024 2.462 ROSJA Artiom Łaguta
87%
2019 2.443 DANIA Leon Madsen
87%
2008 2.775 DANIA Nicki Pedersen
80%
2007 2.730 DANIA Nicki Pedersen
80%
2010 2.675 POLSKA Tomasz Gollob
80%
2014 2.320 USA Greg Hancock
77%
2012 2.605 DANIA Nicki Pedersen
77%
2020 2.523 ROSJA Emil Sajfutdinow
73%
2015 2.419 POLSKA Jarosław Hampel
73%
2013 2.514 POLSKA Jarosław Hampel
73%
2011 2.625 POLSKA Jarosław Hampel
73%
2009 2.494 AUSTRALIA Jason Crump
63%
Nie znaleziono quizów pasujących do podanych kryteriów
Rozkład punktacji
Procent ludzi z każdym wynikiem
Percentyl według liczby udzielonych odpowiedzi
Twoja historia wyników
Nie rozwiązałeś tego quizu